LEADER 03516nam 22006253u 450 001 9910480434303321 005 20210111222446.0 010 $a1-282-25253-4 010 $a9786612252532 010 $a92-75-32727-0 035 $a(CKB)1000000000447449 035 $a(EBL)282392 035 $a(OCoLC)476028452 035 $a(SSID)ssj0000213206 035 $a(PQKBManifestationID)12021291 035 $a(PQKBTitleCode)TC0000213206 035 $a(PQKBWorkID)10151241 035 $a(PQKB)10961594 035 $a(MiAaPQ)EBC282392 035 $a(Au-PeEL)EBL282392 035 $a(CaONFJC)MIL225253 035 $a(OCoLC)437175699 035 $a(EXLCZ)991000000000447449 100 $a20130418d2000|||| u|| | 101 0 $aspa 135 $aur|n|---||||| 181 $ctxt 182 $cc 183 $acr 200 10$aLa obesidad en la pobreza$b[electronic resource] $eUn nuevo reto para la salud pu?blica 210 $aWashington $cPan American Health Organization$d2000 215 $a1 online resource (145 p.) 300 $aDescription based upon print version of record. 311 $a92-75-31576-0 327 $aCONTENIDO; PRO?LOGO; Introduccio?n; Obesidad y condicionamientos econo?micos, socioculturales y ambientales; La obesidad en la pobreza: un problema emergente en las Ame?ricas; Aspectos socioantropolo?gicos de la obesidad en la pobreza; Factores determinantes de la obesidad: opinio?n actual; Patrones de actividad fi?sica en Ame?rica Central; La transicio?n epidemiolo?gica en pai?ses seleccionados: estudios de casos; Obesidad y pobreza: un desafi?o pendiente en Chile; La transicio?n epidemiolo?gica en Cuba; La transicio?n epidemiolo?gica en el Brasil 327 $aTransicio?n epidemiolo?gica y demogra?fica: tipologi?a de los pai?ses de Ame?rica Latina y el CaribeAspectos metodolo?gicos para el estudio de la obesidad desde una perspectiva de salud pu?blica; Cuestiones de intere?s para la vigilancia de la obesidad en salud pu?blica: prevalencia, incidencia y tendencias seculares; Indicadores antropome?tricos de la obesidad: aspectos epidemiolo?gicos y de salud pu?blica para su establecimiento y empleo; Factores en la vida intrauterina y la adolescencia ligados a la obesidad del adulto 327 $aDeficiencia del crecimiento fetal e infantil, y obesidad y enfermedad cro?nica en la edad adulta: importancia para America LatinaLa obesidad en la adolescencia 330 $aLa publicacio?n analiza las caracteri?sticas propias que tiene en esos pai?ses el proceso mundial de transicio?n nutricional relacionado, a su vez con los procesos de transicio?n demografi?ca y epidemiolo?gica. En ese contexto, el incremento de la obesidad y del exceso de pso que se observa en la regio?n se superpone con un factor de riesgo adicional que difiere de los factores de riesgo tradicionales en los pai?ses desrrollados: la persistencias e incluso el aumento de las desigualidades e inequidades en salud. 606 $aObesity -- Epidemiology 606 $aPoverty 606 $aPublic health 608 $aElectronic books. 615 4$aObesity -- Epidemiology. 615 4$aPoverty. 615 4$aPublic health. 676 $a616.3/98 700 $aPen?a$b Manuel$01054616 701 $aBacallao$b Jorge$01054617 801 0$bAU-PeEL 801 1$bAU-PeEL 801 2$bAU-PeEL 906 $aBOOK 912 $a9910480434303321 996 $aLa obesidad en la pobreza$92487402 997 $aUNINA LEADER 02182nas 22006133 450 001 9910893279303321 005 20260218110403.0 011 $a1920-812X 035 $a(DE-599)ZDB2623790-8 035 $a(OCoLC)1136352359 035 $a(CKB)991042739225944 035 $a(CONSER)--2020236656 035 $a(DE-599)2623790-8 035 $a(EXLCZ)99991042739225944 100 $a19931221b19902016 --- b 101 0 $afre 181 $ctxt$2rdacontent 182 $cc$2rdamedia 183 $acr$2rdacarrier 200 00$aBrèves littéraires 210 1$a[Laval, Québec] :$cSociété littéraire de Laval,$d1991-2016 215 $a1 online resource 300 $aRefereed/Peer-reviewed 311 08$a1194-8159 531 0 $aBrèves litt. 606 $aFrench-Canadian literature$y21st century$vPeriodicals 606 $aFrench-Canadian literature$y20th century$vPeriodicals 606 $aFrench-Canadian literature$zQuébec (Province)$vPeriodicals 606 $aCanadian literature (French)$zQuébec (Province)$vPeriodicals 606 $aCanadian literature (French)$y20th century$vPeriodicals 606 $aLittérature québécoise$vPériodiques 606 $aLittérature canadienne-française$y20e siècle$vPériodiques 606 $aLittérature canadienne-française$y21e siècle$vPériodiques 606 $aFrench-Canadian literature$2fast$3(OCoLC)fst00934875 606 $aLittérature québécoise$2rasuqam 607 $aQue?bec$2fast 608 $aPeriodicals.$2fast 615 0$aFrench-Canadian literature 615 0$aFrench-Canadian literature 615 0$aFrench-Canadian literature 615 5$aCanadian literature (French) 615 5$aCanadian literature (French) 615 6$aLittérature québécoise 615 6$aLittérature canadienne-française 615 6$aLittérature canadienne-française 615 7$aFrench-Canadian literature. 615 17$aLittérature québécoise. 676 $aC840.8/09714 686 $acci1icc$2lacc 712 02$aSociété littéraire de Laval, 906 $aJOURNAL 912 $a9910893279303321 996 $aBrèves littéraires$94232659 997 $aUNINA